| 000 | 00670nam a22002537a 4500 | ||
|---|---|---|---|
| 001 | 0005810 | ||
| 003 | DO-SdBNP | ||
| 005 | 20180130111651.0 | ||
| 007 | 0005810 | ||
| 008 | 1618b 2002 sp ||||| |||| 00| 0 spa d | ||
| 020 | _a84953311305 | ||
| 040 |
_aBPMSU _bspa _cBPMSU |
||
| 100 | 1 | _aPérez Galdós, Benito | |
| 245 | 1 | 0 |
_aMarianela / _cBenito Pérez Galdós. |
| 250 | _a | ||
| 260 |
_aMadrid : _bMestas, _c22 cm. |
||
| 300 |
_a187 p. _c24 cm. |
||
| 490 | 1 |
_aProyectos Ánfora _v65 |
|
| 500 | _3Edición integra | ||
| 830 | 0 |
_aProyectos Ánfora _v65 |
|
| 942 |
_2ddc _cBK |
||
| 945 | _aInventariado, 2018 /LP | ||
| 956 |
_2VMATEO _310 _620160318 _8BPMSU _a00069 |
||
| 999 |
_c9331 _d9331 |
||